The formation and properties of precipitates /
Guardado en:
| Autor Principal: | |
|---|---|
| Formato: | Libro |
| Idioma: | English |
| Publicado: |
Huntington :
Robert E. Krieger,
1979.
|
| Series: | Chemical Analysis, v. 23
|
| Materias: | |
| Etiquetas: |
Agregar Etiqueta
Sin Etiquetas, Sea el primero en etiquetar este registro!
|
| LEADER | 00598nam a22001935a 4500 | ||
|---|---|---|---|
| 001 | EUN.um040331 | ||
| 003 | AR-BaUNS | ||
| 005 | 20050623122911.0 | ||
| 008 | 041125s1979####xxua##########000#0#eng#d | ||
| 245 | 1 | 4 | |a The formation and properties of precipitates / |c Alan G. Walton. |
| 260 | |a Huntington : |b Robert E. Krieger, |c 1979. | ||
| 300 | |a 232 p. : |b ilus. ; |c 23,5 cm. . | ||
| 490 | 0 | |a Chemical Analysis, v. 23 | |
| 020 | |a 0882759906 | ||
| 100 | 1 | |a Walton, Alan G. | |
| 082 | 0 | 4 | |a 541.3485 |
| 653 | |a Fisicoquimica | ||
| 653 | |a Precipitados | ||
| 859 | |a Ar-BaUNS |b BIB. CENTRAL - Sector C |h 541.3485 |i W173 |p 104601/995 | ||
